000 00293 a2200145 4500
001 167726
020 _a
040 _cMagnum
100 _aLeite, Celso Barroso
240 1 0 _aO seculo do lazer
_lpor
245 1 0 _aO seculo do lazer
362 0 _a1899
697 _aRECREACAO
942 _cBK
999 _c167726
_d167726